000 00450nam a22001817a 4500
003 NUST - PNEC
005 20170116181153.0
008 151003b xxu||||| |||| 00| 0 eng d
020 _a-
040 _cLIBRARY
082 _a923.5 HAR
100 _912882
_aHart, Liddell
245 _aThe memoirs of captain Liddell Hart: Vol 1
_bLiddell Hart
250 _aVol 2
260 _cc.1965
650 _912884
_aMemoirs
_xBiography
942 _2ddc
_cBK
999 _c71084
_d71084